Personálny manažment dcérskej spoločnosti vybraného multinacionálneho podniku v SR diplomová práca

Na minha lista:
Detalhes bibliográficos
Autor principal: Dubeňová, Katarína
Autor Corporativo: Fakulta podnikového manažmentu EU. Katedra manažmentu
Outros Autores: Sršňová, Jana
Formato: Livro
Idioma:eslovaco
Publicado em: Bratislava 2010
Tags: Adicionar Tag
Sem tags, seja o primeiro a adicionar uma tag!

MARC

LEADER 00000nam a2200000 4500
001 0119713
005 20240318123040.1
041 0 |a slo 
044 |a SK 
245 1 0 |a Personálny manažment dcérskej spoločnosti vybraného multinacionálneho podniku v SR  |b diplomová práca  |c Katarína Dubeňová ; škol. Jana Sršňová 
264 1 |a Bratislava  |c 2010 
300 |a 75 s. 
100 1 |a Dubeňová, Katarína 
700 1 |a Sršňová, Jana 
710 2 |a Fakulta podnikového manažmentu EU. Katedra manažmentu